The Art of Experimental Economics Twenty Top Papers Reviewed
Uložené v:
| Ďalší autori: | , |
|---|---|
| Médium: | Kniha |
| Jazyk: | English |
| Vydavateľské údaje: |
Abingdon
Routledge/Taylor & Francis Group
2022
|
| Vydanie: | 1st Edition |
| Edícia: | Routledge Advances in Behavioural Economics and Finance
|
| Predmet: | |
| Tagy: |
Žiadne tagy, Buďte prvý, kto otaguje tento záznam!
|
MARC
| LEADER | 00000nam a2200000 4500 | ||
|---|---|---|---|
| 001 | 0278660 | ||
| 005 | 20230118123945.7 | ||
| 020 | |a 978-0-367-89431-3 | ||
| 020 | |a 978-0-367-89430-6 | ||
| 020 | |a 978-1-003-01912-1 | ||
| 041 | 0 | |a eng | |
| 044 | |a GB | ||
| 245 | 1 | 0 | |a The Art of Experimental Economics |b Twenty Top Papers Reviewed |c edited by Gary Charness and Mark Pingle |
| 250 | |a 1st Edition | ||
| 264 | 1 | |a Abingdon |b Routledge/Taylor & Francis Group |c 2022 | |
| 300 | |a 233 s. | ||
| 490 | 1 | |a Routledge Advances in Behavioural Economics and Finance | |
| 830 | 0 | |a Routledge Advances in Behavioural Economics and Finance | |
| 610 | 2 | 0 | |a ekonómia experimentálna |
| 610 | 2 | 0 | |a ekonómia behaviorálna |
| 610 | 2 | 0 | |a metódy |
| 610 | 2 | 0 | |a analýzy |
| 610 | 2 | 0 | |a testy |
| 610 | 2 | 0 | |a štúdie |
| 700 | 1 | |a Charness, Gary | |
| 700 | 1 | |a Pingle, Mark | |